[Event "Championnat de France - Open C"]
[Site "Caen"]
[Date "2011.08.19"]
[Round "4.1"]
[White "Ginovart, Axel"]
[Black "Martineau, Arthur"]
[Result "1-0"]
[WhiteElo "1793"]
[BlackElo "1713"]
[PlyCount "51"]

1. e4 c5 2. Nc3 Nc6 3. Bb5 e6 4. Bxc6 bxc6 5. f4 Nf6 6. Nf3 Ba6 7. d3 c4 8. e5
Nd5 9. d4 Bb4 10. Bd2 Bxc3 11. bxc3 Qe7 12. Ng5 Qa3 13. Qh5 g6 14. Qh6 Qf8 15.
Qh3 Kd8 16. Ne4 Kc7 17. a4 Qb8 18. Bc1 Qb6 19. Ba3 Rag8 20. O-O h6 21. a5 Qb7
22. Rfb1 Bb5 23. a6 Qa8 24. Nd6 Nxf4 25. Qf3 g5 26. Nxb5+ 1-0

[Event "Championnat de France - Open C"]
[Site "Caen"]
[Date "2011.08.19"]
[Round "4.2"]
[White "Nouhaud, Laurent"]
[Black "Malassagne, Isabelle"]
[Result "0-1"]
[WhiteElo "1793"]
[BlackElo "1704"]
[PlyCount "63"]

1. f4 g6 2. Nf3 Bg7 3. e3 Nf6 4. Be2 O-O 5. O-O d5 6. d3 c5 7. Ne5 Nbd7 8. Nxd7
Bxd7 9. Nd2 Qc7 10. g4 e5 11. h4 Qc8 12. g5 Ng4 13. Nb3 exf4 14. Rxf4 f5 15. d4
cxd4 16. exd4 b6 17. Rf3 Re8 18. c3 Re4 19. Bd3 Qc7 20. Rh3 Rae8 21. Bxe4 dxe4
22. Qf1 e3 23. Qg2 f4 24. h5 Qc6 25. Qxc6 Bxc6 26. hxg6 hxg6 27. Rh4 f3 28.
Bxe3 Nxe3 29. Kf2 Nf5 30. Rf4 Re2+ 31. Kf1 Ng3+ 32. Kg1 0-1

[Event "Championnat de France - Open C"]
[Site "Caen"]
[Date "2011.08.19"]
[Round "4.3"]
[White "Perrot, Pierre"]
[Black "Saucey, Capucine"]
[Result "1-0"]
[WhiteElo "1712"]
[BlackElo "1788"]
[PlyCount "99"]

1. c4 e5 2. Nc3 Nf6 3. g3 d5 4. cxd5 Nxd5 5. Bg2 Be6 6. d3 Nc6 7. Nf3 Be7 8.
O-O O-O 9. Bd2 f5 10. Nxd5 Bxd5 11. Bc3 Bd6 12. d4 e4 13. Nd2 Qd7 14. f4 b5 15.
Nb3 a5 16. e3 a4 17. Nc1 b4 18. Bd2 Bc4 19. Rf2 Na5 20. b3 Bb5 21. Qe1 Qe7 22.
Rb1 a3 23. Bf1 Bxf1 24. Rxf1 c5 25. Ne2 c4 26. bxc4 Nxc4 27. Rb3 Rab8 28. Kg2
Nb2 29. Qb1 Nc4 30. Rd1 Na5 31. Nc1 Nxb3 32. Nxb3 Rfc8 33. Kf2 Qf7 34. Rc1 Qh5
35. Kg1 Qe2 36. Re1 Qa6 37. Kf2 Rc4 38. Qd1 Rbc8 39. g4 Be7 40. g5 Qb6 41. Bc1
Rc2+ 42. Re2 Qc7 43. h4 Rxc1 44. Nxc1 Qxc1 45. Qb3+ Qc4 46. Rc2 Qxb3 47. Rxc8+
Kf7 48. axb3 Ke6 49. Ke2 Kd7 50. Ra8 1-0

[Event "Championnat de France - Open C"]
[Site "Caen"]
[Date "2011.08.19"]
[Round "4.4"]
[White "Rubini, Xavier"]
[Black "Rost, Pierre"]
[Result "0-1"]
[WhiteElo "1675"]
[BlackElo "1783"]
[PlyCount "140"]

1. e4 c5 2. b4 cxb4 3. a3 d5 4. exd5 Qxd5 5. Nf3 e5 6. c4 bxc3 7. Nxc3 Qd8 8.
Nxe5 Nf6 9. Bb5+ Nbd7 10. Qb3 Qe7 11. d4 a6 12. Be2 Nxe5 13. dxe5 Qxe5 14. Bb2
Qe6 15. Qc2 Bd6 16. O-O O-O 17. Bf3 Re8 18. Na4 Rb8 19. Nc5 Qf5 20. Qxf5 Bxf5
21. Nxb7 Be7 22. Rac1 Ne4 23. g4 Bg6 24. Rfe1 f5 25. gxf5 Bxf5 26. Bd4 Bxa3 27.
Rb1 Nd2 28. Rxe8+ Rxe8 29. Bd5+ Be6 30. Bxe6+ Rxe6 31. Rd1 Nf3+ 32. Kg2 Nxd4
33. Rxd4 Re7 34. Na5 Bc5 35. Rf4 Ra7 36. Kf3 Rf7 37. Rxf7 Kxf7 38. Ke2 Ke6 39.
f4 Bd6 40. Kf3 Kf5 41. Nc6 Bxf4 42. Nd4+ Ke5 43. Nc6+ Kd6 44. Nd4 Bxh2 45. Nf5+
Ke5 46. Nxg7 a5 47. Ke2 a4 48. Kd3 Kd5 49. Nf5 h5 50. Kc3 a3 51. Ne3+ Ke4 52.
Nc4 Be5+ 53. Kb3 Bb2 54. Nd2+ Kf4 55. Nf1 h4 56. Nh2 h3 57. Kc2 Kg3 58. Nf1+
Kf2 59. Nh2 Kg2 60. Ng4 h2 61. Nxh2 Kxh2 62. Kb3 Kg3 63. Kc2 Kf4 64. Kb3 Ke4
65. Kc2 Kd4 66. Kb3 Kc5 67. Ka2 Kb4 68. Kb1 Bf6 69. Ka2 Be5 70. Kb1 Kb3 0-1

[Event "Championnat de France - Open C"]
[Site "Caen"]
[Date "2011.08.19"]
[Round "4.5"]
[White "Rossinot, Helene"]
[Black "David, Sebastien"]
[Result "0-1"]
[WhiteElo "1653"]
[BlackElo "1763"]
[PlyCount "70"]

1. c4 Nf6 2. g3 g6 3. Bg2 c6 4. Nc3 Bg7 5. e3 d5 6. cxd5 cxd5 7. Nge2 O-O 8.
O-O Nc6 9. d4 b6 10. Bd2 Bb7 11. Rc1 Rb8 12. Nf4 e5 13. Nfxd5 exd4 14. exd4
Nxd5 15. Nxd5 Nxd4 16. Bf4 Bxd5 17. Bxb8 Bxg2 18. Kxg2 Qxb8 19. b3 Rd8 20. Qe1
Re8 21. Qd2 Qa8+ 22. Kh3 Nf3 23. Qf4 Re4 24. Qxf3 Rh4+ 25. Kg2 Rxh2+ 26. Kxh2
Qxf3 27. Rc8+ Bf8 28. Kg1 Kg7 29. Rc7 Bc5 30. Rxa7 Qxg3+ 31. Kh1 Bxf2 32. Rxf2
Qxf2 33. b4 h5 34. a4 h4 35. a5 h3 0-1

[Event "Championnat de France - Open C"]
[Site "Caen"]
[Date "2011.08.19"]
[Round "4.7"]
[White "Conchon, Jean-Paul"]
[Black "Braun, Jean-Baptiste"]
[Result "1/2-1/2"]
[WhiteElo "1744"]
[BlackElo "1702"]
[PlyCount "110"]

1. e4 g6 2. d4 Bg7 3. Nf3 d6 4. h3 Nd7 5. Nc3 e5 6. Bg5 f6 7. Be3 a5 8. Bc4 Nb6
9. Bxg8 Rxg8 10. b3 exd4 11. Nxd4 f5 12. Rc1 Rf8 13. Nde2 fxe4 14. Nxe4 Qh4 15.
N4g3 Qb4+ 16. c3 Qb5 17. c4 Qc6 18. O-O Bf5 19. Nxf5 Rxf5 20. Nd4 Bxd4 21. Bxd4
O-O-O 22. Re1 Rf7 23. Rc2 Nd7 24. Rce2 Nf6 25. Re7 Rdf8 26. Rxf7 Rxf7 27. Bxf6
Rxf6 28. Re7 h5 29. Qe1 b6 30. Re6 Rf5 31. Re8+ Kb7 32. Qe6 Rg5 33. Qc8+ Ka7
34. Qb8+ Ka6 35. Qa8+ Qxa8 36. Rxa8+ Kb7 37. Rg8 d5 38. cxd5 Rxd5 39. Rxg6 a4
40. g4 h4 41. Re6 a3 42. Re2 b5 43. f4 Rd3 44. Kh2 Kb6 45. g5 c5 46. g6 c4 47.
bxc4 bxc4 48. g7 Rg3 49. Rg2 c3 50. Rxg3 hxg3+ 51. Kxg3 c2 52. g8=Q c1=Q 53.
Qb3+ Kc5 54. f5 Qg5+ 55. Kh2 Qd2+ 1/2-1/2

[Event "Championnat de France - Open C"]
[Site "Caen"]
[Date "2011.08.19"]
[Round "4.8"]
[White "Le Bail, Stephane"]
[Black "Gobbetto, Jean-Claude"]
[Result "1-0"]
[WhiteElo "1776"]
[BlackElo "1702"]
[PlyCount "65"]

1. d4 Nf6 2. Bf4 d5 3. e3 e6 4. Nf3 Bd6 5. Ne5 O-O 6. Be2 b6 7. Nd2 Bb7 8. Bg5
Be7 9. Bf3 Nbd7 10. Bxf6 Nxf6 11. c4 Bd6 12. O-O Ne4 13. cxd5 exd5 14. Bxe4
dxe4 15. Nec4 Rc8 16. Rc1 Qh4 17. Nxd6 cxd6 18. Qa4 Qd8 19. Rxc8 Qxc8 20. Qxa7
Qc7 21. Qa4 Rc8 22. h3 Bd5 23. a3 g6 24. Qb4 f5 25. Nb1 Bb7 26. Nc3 d5 27. Qb5
Qc6 28. Qb4 b5 29. Qe7 Re8 30. Nxd5 Kh8 31. Qf7 Rc8 32. Ne7 Qd6 33. Nxc8 1-0

[Event "Championnat de France - Open C"]
[Site "Caen"]
[Date "2011.08.19"]
[Round "4.9"]
[White "Tempestini, Marc"]
[Black "Cepisul, Desire"]
[Result "1-0"]
[WhiteElo "1699"]
[BlackElo "1772"]
[PlyCount "79"]

1. e4 d5 2. exd5 Qxd5 3. Nc3 Qd6 4. g3 Nf6 5. Bg2 a6 6. Nge2 Bg4 7. Bxb7 Ra7 8.
Bg2 e6 9. O-O Be7 10. d3 Nbd7 11. Be3 c5 12. Qd2 O-O 13. h3 Bf5 14. g4 Bg6 15.
Nf4 Rc7 16. Nxg6 hxg6 17. b3 Rd8 18. Rad1 Nb6 19. Qe2 Nfd5 20. Ne4 Qd7 21. Bd2
Rf8 22. c4 Nb4 23. Bc3 Nc6 24. Qe3 Nd4 25. b4 Na4 26. bxc5 Nxc3 27. Nxc3 Bxc5
28. Qg5 Rcc8 29. Kh1 Qc7 30. Ne4 Ba7 31. Rd2 Rfd8 32. h4 Bb8 33. f4 Re8 34. h5
Qe7 35. hxg6 Qxg5 36. gxf7+ Kxf7 37. Nxg5+ Ke7 38. Bb7 Rc5 39. Bxa6 Bxf4 40.
Rxf4 1-0

[Event "Championnat de France - Open C"]
[Site "Caen"]
[Date "2011.08.19"]
[Round "4.10"]
[White "Lemaire, Olivier"]
[Black "Pernoud, Claire"]
[Result "1/2-1/2"]
[WhiteElo "1763"]
[BlackElo "1704"]
[PlyCount "44"]

1. d4 d5 2. Bf4 Nf6 3. Nf3 e6 4. e3 Bd6 5. Bg3 O-O 6. Bd3 c6 7. Nbd2 Qc7 8. Ne5
Nbd7 9. f4 c5 10. c3 c4 11. Bc2 b5 12. a3 Rb8 13. Bh4 a5 14. g4 Ne8 15. g5 g6
16. O-O Ng7 17. Ng4 Nf5 18. Bxf5 exf5 19. Nf6+ Nxf6 20. gxf6 Re8 21. Re1 Bd7
22. Nf3 b4 1/2-1/2

[Event "Championnat de France - Open C"]
[Site "Caen"]
[Date "2011.08.20"]
[Round "5.1"]
[White "Malassagne, Isabelle"]
[Black "Ginovart, Axel"]
[Result "0-1"]
[WhiteElo "1704"]
[BlackElo "1793"]
[PlyCount "86"]

1. e4 c5 2. Nc3 a6 3. g3 b5 4. Bg2 Bb7 5. d3 Nf6 6. Bg5 e6 7. Bxf6 Qxf6 8. f4
Qd8 9. Qd2 d6 10. Nge2 Be7 11. O-O b4 12. Nd1 Nd7 13. Ne3 Nb6 14. f5 e5 15. Qe1
Rb8 16. Qf2 h5 17. g4 Bg5 18. gxh5 Rxh5 19. Ng3 Rh7 20. Ng4 Bf4 21. Ne2 Bg5 22.
f6 g6 23. Qg3 Bc8 24. Ne3 Bxf6 25. Qf3 Bg5 26. Nd1 Be6 27. Nf2 Qd7 28. c3 Ke7
29. d4 Nc4 30. d5 Nd2 31. Qg3 Bh4 32. dxe6 Bxg3 33. exd7 Bxh2+ 34. Kh1 Nxf1 35.
Bxf1 Bg3+ 36. Kg2 Bxf2 37. Kxf2 Kxd7 38. Bg2 bxc3 39. bxc3 Rb2 40. Ke3 Rh2 41.
Bf3 f5 42. exf5 gxf5 43. a4 e4 0-1

[Event "Championnat de France - Open C"]
[Site "Caen"]
[Date "2011.08.20"]
[Round "5.2"]
[White "Rost, Pierre"]
[Black "Perrot, Pierre"]
[Result "1/2-1/2"]
[WhiteElo "1783"]
[BlackElo "1712"]
[PlyCount "70"]

1. e4 c6 2. d4 d5 3. e5 Bf5 4. Nc3 e6 5. g4 Bg6 6. Nge2 h6 7. f4 Nd7 8. Ng3 c5
9. Be3 cxd4 10. Bxd4 Ne7 11. Bd3 Bxd3 12. Qxd3 Nc6 13. Nce2 Be7 14. c3 Rc8 15.
O-O Qa5 16. Nh5 O-O 17. Qg3 Bc5 18. g5 hxg5 19. Qxg5 g6 20. Kh1 Kh7 21. Rf3 Rh8
22. Rh3 Be7 23. Nf6+ Kg7 24. Rxh8 Rxh8 25. Ng3 Bxf6 26. exf6+ Kg8 27. f5 exf5
28. Nxf5 Kf8 29. Ne3 Nxd4 30. cxd4 Qd2 31. Qg3 Nxf6 32. Qe5 Rh5 33. Qf4 Rh3 34.
Nxd5 Qxf4 35. Nxf4 Rf3 1/2-1/2

[Event "Championnat de France - Open C"]
[Site "Caen"]
[Date "2011.08.20"]
[Round "5.3"]
[White "David, Sebastien"]
[Black "Zounani, Yacine"]
[Result "1-0"]
[WhiteElo "1763"]
[BlackElo "1583"]
[PlyCount "101"]

1. Nf3 d5 2. c4 c6 3. cxd5 cxd5 4. d4 Nf6 5. Nc3 Nc6 6. e3 Bf5 7. Qb3 Qd7 8.
Ne5 Qc7 9. Nxd5 Nxd5 10. Qxd5 e6 11. Qb5 Bb4+ 12. Bd2 Bxd2+ 13. Kxd2 O-O 14.
Rc1 Rfc8 15. Bd3 Bxd3 16. Nxd3 Qd6 17. Ke2 Rc7 18. g3 Qxd4 19. Qxc6 Qxd3+ 20.
Kxd3 bxc6 21. Rc2 Kf8 22. Rhc1 Rac8 23. h4 h5 24. Rc5 g6 25. e4 Ke7 26. e5 Kd7
27. Ke4 Rb8 28. Rd1+ Ke7 29. b3 Rb4+ 30. Rd4 Rb6 31. Kf4 Rd7 32. Rxd7+ Kxd7 33.
Kg5 Ra6 34. Rc2 Ke7 35. f4 Rb6 36. Rc4 Ra6 37. a4 Rb6 38. b4 c5 39. b5 a6 40.
Rxc5 axb5 41. Rxb5 Rc6 42. Rb3 Rc5 43. Rb7+ Ke8 44. Kf6 Rc3 45. Re7+ Kd8 46.
Rxf7 Rxg3 47. Kxe6 Rc3 48. Kf6 Rc6+ 49. Kg5 Ra6 50. Rf6 Rxa4 51. Kxg6 1-0

[Event "Championnat de France - Open C"]
[Site "Caen"]
[Date "2011.08.20"]
[Round "5.4"]
[White "Tobitt-Jupillat, Eric"]
[Black "Le Bail, Stephane"]
[Result "1/2-1/2"]
[WhiteElo "1706"]
[BlackElo "1776"]
[PlyCount "44"]

1. e4 e5 2. Nf3 Nc6 3. Bc4 Bc5 4. O-O d6 5. c3 Nf6 6. d3 h6 7. b4 Bb6 8. Qb3
O-O 9. Be3 Qe7 10. a4 Bxe3 11. fxe3 Be6 12. Nbd2 Rad8 13. Bxe6 Qxe6 14. Qxe6
fxe6 15. b5 Ne7 16. d4 Ng6 17. c4 Ng4 18. Ra3 Rf7 19. h3 Nf6 20. Rc1 exd4 21.
exd4 Nf4 22. Re3 Ng6 1/2-1/2

[Event "Championnat de France - Open C"]
[Site "Caen"]
[Date "2011.08.20"]
[Round "5.5"]
[White "Roussel, Glenn"]
[Black "Tempestini, Marc"]
[Result "1/2-1/2"]
[WhiteElo "1751"]
[BlackElo "1699"]
[PlyCount "74"]

1. d4 Nf6 2. Nc3 d5 3. e4 dxe4 4. f3 e3 5. Bxe3 Bf5 6. g4 Bg6 7. Bg2 c6 8. Nge2
h6 9. Ng3 e6 10. a3 Bd6 11. f4 Nd5 12. Nxd5 cxd5 13. c4 O-O 14. O-O Nc6 15.
cxd5 exd5 16. Qf3 Be4 17. Nxe4 dxe4 18. Qxe4 Re8 19. Qf3 Qb6 20. Qf2 Qb3 21.
Rfe1 Ne7 22. Rac1 Nd5 23. Bxd5 Qxd5 24. Rc3 f5 25. h3 fxg4 26. hxg4 Re4 27.
Rec1 Rae8 28. Rc8 Kf7 29. Rxe8 Rxe8 30. Rc3 h5 31. Qg2 Qxg2+ 32. Kxg2 hxg4 33.
Kg3 g5 34. Kxg4 gxf4 35. Bxf4 Re4 36. Rf3 Kg6 37. Rf2 Rxd4 1/2-1/2

[Event "Championnat de France - Open C"]
[Site "Caen"]
[Date "2011.08.20"]
[Round "5.6"]
[White "Desgranges, Christophe"]
[Black "Conchon, Jean-Paul"]
[Result "1/2-1/2"]
[WhiteElo "1700"]
[BlackElo "1744"]
[PlyCount "32"]

1. d4 d6 2. Nf3 Nf6 3. c4 g6 4. Nc3 Bg7 5. e4 O-O 6. Be2 Nbd7 7. O-O c5 8. Be3
Ng4 9. Bg5 f6 10. Bh4 cxd4 11. Nxd4 Nde5 12. Qb3 Nf7 13. Rad1 b6 14. Nd5 Re8
15. h3 Ngh6 16. f4 Bd7 1/2-1/2

[Event "Championnat de France - Open C"]
[Site "Caen"]
[Date "2011.08.20"]
[Round "5.7"]
[White "Braun, Jean-Baptiste"]
[Black "Nouhaud, Laurent"]
[Result "1/2-1/2"]
[WhiteElo "1702"]
[BlackElo "1793"]
[PlyCount "54"]

1. e4 Nc6 2. d4 d5 3. e5 Bf5 4. Be3 e6 5. h4 h5 6. Nc3 Be7 7. Be2 g6 8. Nf3 Nb4
9. Bb5+ c6 10. Ba4 Bg4 11. g3 Na6 12. O-O Bf8 13. Kg2 Bh6 14. Qd2 Bxf3+ 15.
Kxf3 f6 16. exf6 Qxf6+ 17. Kg2 O-O-O 18. Bxh6 Nxh6 19. f4 Nf5 20. Ne2 Kb8 21.
c3 Nc7 22. b4 b5 23. Bc2 Ne8 24. Ng1 Ned6 25. Bd3 Kb7 26. Nf3 Ra8 27. Ne5 Kc7
1/2-1/2

[Event "Championnat de France - Open C"]
[Site "Caen"]
[Date "2011.08.20"]
[Round "5.8"]
[White "Lanusse, Matthieu"]
[Black "Chameret, Jean"]
[Result "1-0"]
[WhiteElo "1790"]
[BlackElo "1705"]
[PlyCount "105"]

1. e4 b6 2. d4 Bb7 3. Bd3 e6 4. Nf3 Nf6 5. Qe2 c5 6. c3 Be7 7. O-O d6 8. h3
Nbd7 9. Bf4 Qc7 10. Bg3 c4 11. Bc2 O-O 12. Nbd2 Rac8 13. e5 dxe5 14. dxe5 Nd5
15. Ne4 h6 16. Nd6 Bxd6 17. exd6 Qd8 18. Nd4 N7f6 19. Nb5 Ne8 20. Nxa7 Rc5 21.
a4 Nxd6 22. Bxd6 Qxd6 23. Nb5 Qe7 24. f4 Qh4 25. Qe4 g6 26. Nd6 Ba8 27. Qe1
Qxe1 28. Raxe1 Bc6 29. Re4 Ra8 30. Rxc4 Rxc4 31. Nxc4 Bxa4 32. Bxa4 Rxa4 33. b3
Ra2 34. Rf2 Ra1+ 35. Rf1 Rxf1+ 36. Kxf1 b5 37. Na3 Nxc3 38. Ke1 b4 39. Nc2 Nd5
40. g3 Kf8 41. Kd2 Ke7 42. Kd3 Kd6 43. Kc4 e5 44. fxe5+ Kxe5 45. Nxb4 Nxb4 46.
Kxb4 Kd6 47. Kc4 f5 48. Kd4 g5 49. b4 h5 50. b5 Kc7 51. Ke5 g4 52. h4 f4 53.
Kxf4 1-0

[Event "Championnat de France - Open C"]
[Site "Caen"]
[Date "2011.08.20"]
[Round "5.9"]
[White "Saucey, Capucine"]
[Black "Pernoud, Claire"]
[Result "1-0"]
[WhiteElo "1788"]
[BlackElo "1704"]
[Annotator "Rivier,Sylvain"]
[PlyCount "73"]

1. e4 e5 2. Nf3 Nf6 3. Nxe5 d6 4. Nf3 Nxe4 5. d3 Nf6 6. Nc3 d5 7. d4 c6 8. Bd3
Bd6 9. O-O O-O 10. h3 Re8 11. Bg5 Nbd7 12. Qd2 Qc7 13. Rfe1 Qd8 14. Rxe8+ Qxe8
15. Re1 Qf8 16. Ne5 Bb4 17. a3 Ba5 18. b4 Bb6 19. Qf4 h6 20. Nxd7 Nxd7 21. Be7
Qe8 22. Re3 Nf8 23. Bd6 Ne6 24. Qf5 g6 25. Qf6 Bd7 26. Be5 Kh7 27. Rf3 Rd8 28.
Qxf7+ Qxf7 29. Rxf7+ Kg8 30. Rf6 Nxd4 31. Rxg6+ Kf7 32. Rxh6 Rg8 33. Rh7+ Ke6
34. Bg3 Rxg3 35. fxg3 Ne2+ 36. Kf1 Nxc3 37. g4 {suite illisible} 1-0

[Event "Championnat de France - Open C"]
[Site "Caen"]
[Date "2011.08.20"]
[Round "5.10"]
[White "Chandran, Franck"]
[Black "Bricquir, Stephane"]
[Result "0-1"]
[WhiteElo "1777"]
[BlackElo "1703"]
[PlyCount "84"]

1. d4 d5 2. Nf3 c6 3. e3 e6 4. Nbd2 Nd7 5. Bd3 f5 6. O-O Bd6 7. c4 Ngf6 8. cxd5
cxd5 9. b3 O-O 10. Bb2 Ne4 11. Ne5 Nxd2 12. Qxd2 Qf6 13. f4 Qe7 14. Rf3 Nxe5
15. fxe5 Bb4 16. Qe2 Bd7 17. Rh3 Be8 18. a3 Ba5 19. b4 Bb6 20. a4 Qxb4 21. g4
Bg6 22. gxf5 Bxf5 23. Bxf5 Rxf5 24. Ba3 Qc3 25. Bb2 Qc7 26. Rc1 Qd7 27. Qc2
Raf8 28. Ba3 Rg5+ 29. Kh1 Rff5 30. Qc8+ Qxc8 31. Rxc8+ Kf7 32. Rf8+ Kg6 33. Rf3
Ba5 34. Bc1 Rxf8 35. Rxf8 Rf5 36. Rc8 Rf2 37. Kg1 Ra2 38. Rb8 Ra1 39. Rxb7
Rxc1+ 40. Kg2 Rc7 41. Rb5 Bd2 42. Kf3 Rc3 0-1

[Event "Championnat de France - Open C"]
[Site "Caen"]
[Date "2011.08.22"]
[Round "6.1"]
[White "Ginovart, Axel"]
[Black "David, Sebastien"]
[Result "0-1"]
[WhiteElo "1793"]
[BlackElo "1763"]
[PlyCount "104"]

1. e4 e6 2. d4 d5 3. Nc3 dxe4 4. Nxe4 Nf6 5. Bg5 Be7 6. Bd3 Nxe4 7. Bxe7 Qxe7
8. Bxe4 O-O 9. c3 Nd7 10. Ne2 Nf6 11. Bf3 c5 12. O-O cxd4 13. Nxd4 Qc5 14. Qc2
Rb8 15. Rad1 e5 16. Nb3 Qc7 17. Rfe1 Be6 18. Rd2 Rfd8 19. Red1 Bxb3 20. Qxb3 e4
21. Be2 b6 22. g3 Rxd2 23. Rxd2 Rd8 24. Rxd8+ Qxd8 25. Bc4 Qe7 26. Kf1 g6 27.
Ke1 Kg7 28. Bf1 Qc5 29. Qc4 Qxc4 30. Bxc4 Ng4 31. h3 Ne5 32. Be2 f5 33. Kd2 Kf6
34. Ke3 h6 35. a4 Ke6 36. c4 Nc6 37. Kd2 a5 38. Kc3 Kd6 39. h4 Kc5 40. b3 Nd4
41. Bd1 g5 42. Bh5 Nf3 43. Bxf3 exf3 44. Kd3 Kb4 45. Kc2 g4 46. Kb2 f4 47. gxf4
g3 48. f5 g2 49. f6 g1=Q 50. f7 Qxf2+ 51. Kc1 Kc3 52. Kb1 Qb2# 0-1

[Event "Championnat de France - Open C"]
[Site "Caen"]
[Date "2011.08.22"]
[Round "6.2"]
[White "Perrot, Pierre"]
[Black "Lanusse, Matthieu"]
[Result "1/2-1/2"]
[WhiteElo "1712"]
[BlackElo "1790"]
[PlyCount "145"]

1. c4 e5 2. Nc3 Nc6 3. g3 f5 4. d3 Nf6 5. Bg2 Bc5 6. Nf3 d6 7. O-O O-O 8. a3 a5
9. Bg5 h6 10. Bxf6 Qxf6 11. Nd5 Qf7 12. Rb1 Ne7 13. Nxc7 Rb8 14. b4 Bb6 15. Nb5
Qf6 16. Qc2 e4 17. Ne1 Qe5 18. dxe4 fxe4 19. Bxe4 Bf5 20. Bxf5 Nxf5 21. Nf3 Qe7
22. Qd3 h5 23. e4 Nh6 24. Qd5+ Nf7 25. Nh4 Qe5 26. Qd3 Qe6 27. Ng2 g5 28. Rbd1
Rbd8 29. Nd4 Bxd4 30. Qxd4 axb4 31. axb4 Rc8 32. Ne3 Ne5 33. Qxd6 Nf3+ 34. Kg2
Qxe4 35. Qd5+ Qxd5 36. cxd5 Ne5 37. Rd4 Rcd8 38. f4 gxf4 39. Rfxf4 Rfe8 40.
Rfe4 Kf7 41. h3 Kg6 42. Nc4 Nxc4 43. Rxe8 Rxe8 44. Rxc4 Re2+ 45. Kf3 Rd2 46.
Ke4 Re2+ 47. Kd4 Kf6 48. Kc5 Re3 49. g4 Rxh3 50. gxh5 Rxh5 51. Rd4 Ke7 52. Kb6
Kd6 53. Kxb7 Rh1 54. Kb6 Rb1 55. Kb5 Rb2 56. Ka4 Ra2+ 57. Kb3 Ra1 58. Rd2 Rb1+
59. Ka4 Ra1+ 60. Kb5 Ra8 61. Kc4 Rc8+ 62. Kd4 Rb8 63. Rb2 Rb5 64. Kc4 Rxd5 65.
b5 Rh5 66. Kb4 Kc7 67. Ka5 Kb7 68. Rf2 Rh6 69. Rf7+ Kb8 70. b6 Rh1 71. Rf6 Kb7
72. Rf7+ Kb8 73. Rf5 1/2-1/2

[Event "Championnat de France - Open C"]
[Site "Caen"]
[Date "2011.08.22"]
[Round "6.3"]
[White "Le Bail, Stephane"]
[Black "Rost, Pierre"]
[Result "1/2-1/2"]
[WhiteElo "1776"]
[BlackElo "1783"]
[PlyCount "76"]

1. d4 d5 2. Bf4 Nf6 3. e3 c5 4. c3 Nc6 5. Nf3 Qb6 6. Qc1 Bf5 7. Be2 e6 8. O-O
Rc8 9. dxc5 Bxc5 10. Rd1 Nh5 11. Be5 Nxe5 12. Nxe5 Nf6 13. Bd3 Ne4 14. Bxe4
Bxe4 15. Nd2 Bf5 16. Nb3 Bd6 17. Nf3 Bg4 18. Rd4 Bxf3 19. gxf3 Qc7 20. Rh4 Qe7
21. Rg4 f5 22. Rg2 g5 23. Qd1 Kf7 24. e4 dxe4 25. fxe4 h5 26. exf5 exf5 27.
Qd5+ Kg6 28. Nd4 Rc5 29. Qe6+ Qxe6 30. Nxe6 Re5 31. Nxg5 Kf6 32. Nf3 Re2 33. b3
Rhe8 34. Kf1 Rc2 35. Nd4 Rxc3 36. Nb5 Rd3 37. Nxd6 Rxd6 38. f3 Red8 1/2-1/2

[Event "Championnat de France - Open C"]
[Site "Caen"]
[Date "2011.08.22"]
[Round "6.4"]
[White "Bricquir, Stephane"]
[Black "Saucey, Capucine"]
[Result "1/2-1/2"]
[WhiteElo "1703"]
[BlackElo "1788"]
[PlyCount "46"]

1. d4 d5 2. Nf3 e6 3. c4 Nf6 4. Nc3 Bb4 5. Bg5 Nbd7 6. e3 c5 7. cxd5 exd5 8.
Bd3 Qa5 9. O-O Bxc3 10. bxc3 c4 11. Bf5 Ne4 12. Qc2 Ndf6 13. Bxc8 Rxc8 14. Bxf6
Nxf6 15. Nd2 O-O 16. f3 Rfe8 17. e4 Nh5 18. g3 Re7 19. e5 g6 20. f4 Ng7 21. g4
Qb6 22. Kg2 f5 23. g5 Qa5 1/2-1/2

[Event "Championnat de France - Open C"]
[Site "Caen"]
[Date "2011.08.22"]
[Round "6.5"]
[White "Tempestini, Marc"]
[Black "Dubois, Marie"]
[Result "0-1"]
[WhiteElo "1699"]
[BlackElo "1755"]
[PlyCount "72"]

1. e4 c5 2. Nf3 d6 3. d4 cxd4 4. Nxd4 Nf6 5. Nc3 a6 6. Bg5 e6 7. f4 Qb6 8. Bxf6
gxf6 9. Qd2 Qxb2 10. Rb1 Qa3 11. Bc4 Qc5 12. Be2 h5 13. Na4 Qc7 14. Nb6 Ra7 15.
a4 Nc6 16. O-O d5 17. Nxc6 bxc6 18. Qd4 e5 19. fxe5 fxe5 20. Qf2 Be6 21. Kh1 h4
22. Rfd1 d4 23. a5 h3 24. g3 Rg8 25. Bc4 Bg4 26. Rd3 Bh6 27. Qf6 Bg5 28. Bxf7+
Qxf7 29. Qxc6+ Bd7 30. Nxd7 Rxd7 31. Qxa6 Kf8 32. Rdb3 Rg6 33. Qe2 Rf6 34. Rb8+
Kg7 35. Rd1 Rf2 36. Qg4 Rf1+ 0-1

[Event "Championnat de France - Open C"]
[Site "Caen"]
[Date "2011.08.22"]
[Round "6.6"]
[White "Rubini, Xavier"]
[Black "Roussel, Glenn"]
[Result "1/2-1/2"]
[WhiteElo "1675"]
[BlackElo "1751"]
[PlyCount "159"]

1. c4 e5 2. g3 Nf6 3. Bg2 d5 4. cxd5 Nxd5 5. Nf3 Nc6 6. O-O Nb6 7. Nc3 Be7 8.
b3 O-O 9. Bb2 Be6 10. d3 f5 11. d4 e4 12. Ne1 Nxd4 13. e3 Nc6 14. Qe2 Bf6 15.
Rd1 Qe7 16. Nc2 Rad8 17. Ba3 Qf7 18. Bxf8 Rxf8 19. Nb5 Ne5 20. Nbd4 Bc8 21. f3
c5 22. Nb5 a6 23. Nd6 Qh5 24. Nxc8 Rxc8 25. Rd2 Qg6 26. fxe4 fxe4 27. Rf4 Qf7
28. Bxe4 c4 29. bxc4 Nexc4 30. Rd3 Qe7 31. Qe1 g5 32. Rxf6 Qxf6 33. Bxb7 Rc7
34. Bxa6 Ne5 35. Qf1 Qxf1+ 36. Kxf1 Nxd3 37. Bxd3 Nd5 38. Ke2 Nc3+ 39. Kf3 Nxa2
40. Nd4 Nb4 41. Bf5 h6 42. h4 gxh4 43. gxh4 Nc6 44. Be6+ Kg7 45. Nb5 Re7 46.
Bd5 Ne5+ 47. Kg3 Kf6 48. e4 Rg7+ 49. Kh3 Nf3 50. Nd6 Ng1+ 51. Kh2 Nf3+ 52. Kh3
Rg1 53. Nf5 Rg6 54. Ba8 Ke5 55. Bd5 Nd2 56. Ng3 Rb6 57. Kg4 Rg6+ 58. Kh3 Nb1
59. h5 Rg5 60. Bf7 Nd2 61. Bg6 Nf3 62. Ne2 Ng1+ 63. Nxg1 Rxg1 64. Kh2 Rg5 65.
Kh3 Kf4 66. e5 Kxe5 67. Be8 Kf4 68. Kh2 Kf3 69. Bc6+ Kf2 70. Be8 Rg3 71. Bg6
Rg4 72. Kh3 Kf3 73. Be8 Kf4 74. Bg6 Rg3+ 75. Kh2 Kg4 76. Bf5+ Kh4 77. Bg6 Rb3
78. Kg2 Re3 79. Kf2 Rb3 80. Kg2 1/2-1/2

[Event "Championnat de France - Open C"]
[Site "Caen"]
[Date "2011.08.22"]
[Round "6.7"]
[White "Conchon, Jean-Paul"]
[Black "Tobitt-Jupillat, Eric"]
[Result "1/2-1/2"]
[WhiteElo "1744"]
[BlackElo "1706"]
[PlyCount "50"]

1. e4 e5 2. Nf3 Nc6 3. Bb5 a6 4. Bxc6 dxc6 5. O-O Bg4 6. h3 h5 7. d3 Bxf3 8.
Qxf3 Qd7 9. Be3 Bd6 10. d4 O-O-O 11. Nc3 f6 12. Rfd1 g5 13. Qe2 g4 14. h4 g3
15. fxg3 exd4 16. Rxd4 Qg7 17. Qf3 Qxg3 18. Qxg3 Bxg3 19. Rxd8+ Kxd8 20. Bf2
Bxf2+ 21. Kxf2 Nh6 22. g3 Ng4+ 23. Kf3 Ne5+ 24. Kf2 Rg8 25. Ne2 Ng4+ 1/2-1/2

[Event "Championnat de France - Open C"]
[Site "Caen"]
[Date "2011.08.22"]
[Round "6.8"]
[White "Motheron, Romain"]
[Black "Malassagne, Isabelle"]
[Result "0-1"]
[WhiteElo "1715"]
[BlackElo "1704"]
[PlyCount "70"]

1. d4 Nf6 2. c4 c5 3. d5 b5 4. cxb5 a6 5. bxa6 Bxa6 6. Nc3 g6 7. e4 Bxf1 8.
Kxf1 d6 9. g3 Bg7 10. Nge2 O-O 11. Kg2 Nbd7 12. Re1 Qb6 13. Rb1 Rfb8 14. Qc2
Qa6 15. h3 Ne5 16. Rd1 Rb4 17. f4 Ned7 18. a3 Rb7 19. Be3 Rab8 20. e5 dxe5 21.
fxe5 Nxe5 22. Bxc5 Nc4 23. b4 Qxa3 24. Ra1 Qxb4 25. Bg1 Qd6 26. Ra4 Nb2 27. Ra2
Nxd1 28. Qxd1 Rb2 29. Ra7 Qb4 30. Qd3 Rc8 31. Kh1 Rb3 32. Qe3 Rbxc3 33. Nxc3
Rxc3 34. Ra8+ Bf8 35. Qh6 Qe4+ 0-1